|
|
|
|
| LEADER |
01743nam a2200373 a 4500 |
| 001 |
13145959 |
| 008 |
090701s2003 enka 001 0 eng d |
| 999 |
|
|
|c 1928
|d 1928
|
| 010 |
|
|
|a 2003104961
|
| 020 |
|
|
|a 1856692965
|
| 020 |
|
|
|a 9780789309709 (hbk.)
|
| 020 |
|
|
|a 078930970X (hbk.)
|
| 020 |
|
|
|a 9780789309747 (pbk.)
|
| 020 |
|
|
|a 0789309742 (pbk.)
|
| 040 |
|
|
|a IMF
|c IMF
|d KUT
|d OCLCQ
|d HKP
|d VRC
|d OCL
|d BAKER
|d IBS
|d LVB
|d YDXCP
|d DLC
|
| 082 |
0 |
0 |
|a 728.3
|2 21
|
| 100 |
1 |
|
|a Pople, Nicolas.
|9 25968
|
| 245 |
1 |
0 |
|a Small houses /
|c Nicolas Pople.
|
| 260 |
|
|
|a London :
|b Laurence King ;
|a New York, NY :
|b Universe Pub.,
|c 2003.
|
| 300 |
|
|
|a 208 pages :
|b illustrations (chiefly color) ;
|c 26 cm.
|
| 504 |
|
|
|a Includes index.
|
| 505 |
0 |
|
|a Rural retreats -- Urban and suburban bases -- Small clusters and multiples.
|
| 526 |
|
|
|a ARC
|
| 541 |
1 |
|
|e 00013788
|
| 650 |
|
0 |
|a Small houses
|v Case studies.
|9 25969
|
| 650 |
|
0 |
|a Architecture, Domestic
|v Case studies.
|9 25970
|
| 650 |
|
6 |
|a Petites maisons.
|9 25971
|
| 650 |
|
6 |
|a Architecture domestique
|y 20e siècle.
|9 25972
|
| 650 |
|
6 |
|a Architecture.
|9 42615
|
| 852 |
4 |
|
|a Ayesha Abed Library
|j General shelf
|
| 942 |
|
|
|2 ddc
|c BK
|
| 952 |
|
|
|0 0
|1 1
|2 ddc
|4 0
|6 728_300000000000000_POP
|7 0
|9 1769
|a BRACUL
|b BRACUL
|c GEN
|d 2009-07-01
|g 4060.00
|l 0
|o 728.3 POP
|p 3010013788
|r 2009-07-01
|t 1
|w 2009-07-01
|y BK
|
| 952 |
|
|
|0 0
|1 0
|2 ddc
|4 0
|6 728_300000000000000_POP
|7 0
|9 63327
|a BRACUL
|b BRACUL
|c GEN
|d 2018-05-17
|e Karim International
|g 4050.00
|l 6
|m 24
|o 728.3 POP
|p 3010033124
|r 2026-02-28
|s 2026-02-22
|t 2
|v 4050.00
|w 2018-05-17
|y BK
|
| 952 |
|
|
|0 0
|1 0
|2 ddc
|4 0
|6 728_300000000000000_POP
|7 0
|9 63328
|a BRACUL
|b BRACUL
|c GEN
|d 2018-05-17
|e Karim International
|g 4050.00
|l 4
|m 16
|o 728.3 POP
|p 3010033125
|r 2023-07-23
|s 2023-07-13
|t 3
|v 4050.00
|w 2018-05-17
|y BK
|